书目信息 |
| 题名: |
高四学生
|
|
| 作者: | 潇潇 著 | |
| 分册: | ||
| 出版信息: | 天津 百花文艺出版社 2000.07 |
|
| 页数: | 323页 | |
| 开本: | 32开 | |
| 丛书名: | ||
| 单 册: | ||
| 中图分类: | I247.5 | |
| 科图分类: | ||
| 主题词: | 小说--中国 | |
| 电子资源: | ||
| ISBN: | 7-5306-3054-7 | |
| 000 | 00494nam0 2200181 45 | |
| 001 | 0010281500 | |
| 005 | 20041011092003.14 | |
| 010 | @a7-5306-3054-7@dCNY 16.00 | |
| 100 | @a20001028d2000 km y0chiy0120 ea | |
| 101 | 0 | @achi |
| 200 | 1 | @a高四学生@AGao Si Xue Sheng@f潇潇著@FXiao Xiao Zhu |
| 210 | @a天津@c百花文艺出版社@d2000.07 | |
| 215 | @a323页@d32开 | |
| 606 | 0 | @a小说@x中国 |
| 690 | @aI247.5@v3 | |
| 701 | 0 | @a潇潇@4著 |
| 801 | @aCN@bPftUser@c20041011 | |
| 905 | @b194728-733@dI247.5@eX.412@f6 | |
| 高四学生/潇潇著.-天津:百花文艺出版社,2000.07 |
| 323页;32开 |
| ISBN 7-5306-3054-7:CNY 16.00 |
| ● |
| 相关链接 |
|
|
|
正题名:高四学生
索取号:I247.5/X.412
 
预约/预借
| 序号 | 登录号 | 条形码 | 馆藏地/架位号 | 状态 | 备注 |
| 1 | 194728 | 201947288 | 社科二线422/422社科库 6排1列1层/ [索取号:I247.5/X.412] | 在馆 | |
| 2 | 194729 | 201947297 | 文学库108/ [索取号:I247.5/X.412] | 在馆 | |
| 3 | 194730 | 201947304 | 社科二线422/422社科库 6排2列4层/ [索取号:I247.5/X.412] | 在馆 | |
| 4 | 194731 | 201947313 | 社科二线422/422社科库 6排1列1层/ [索取号:I247.5/X.412] | 在馆 | |
| 5 | 194732 | 201947322 | 社科二线422/422社科库 6排1列1层/ [索取号:I247.5/X.412] | 在馆 | |
| 6 | 194733 | 201947331 | 社科二线422/422社科库 6排1列1层/ [索取号:I247.5/X.412] | 在馆 | |
| 7 | 398975 | 203989755 | 文学库108/ [索取号:I247.5/X.412] | 在馆 | |
| 8 | 398976 | 203989764 | 社科二线422/422社科库 6排1列1层/ [索取号:I247.5/X.412] | 在馆 | |
| 9 | 398977 | 203989773 | 社科二线422/422社科库 6排1列1层/ [索取号:I247.5/X.412] | 在馆 |